CORTIS Songs (May 2026 Ver.) - Statistics

General Stats
  • This quiz has been taken 51 times
  • The average score is 10 of 11
Answer Stats
Hint Answer % Correct
COTL Go!
98%
GREENGREEN REDRED
98%
COTL WHAT YOU WANT
98%
GREENGREEN ACAI
96%
COTL FaSHion
96%
COTL Joyride
91%
COTL Lullaby
91%
Promotional Mention Me
87%
GREENGREEN TNT
87%
GREENGREEN YOUNGCREAATORCREW
80%
GREENGREEN Wassup
74%
No matching quizzes found
Score Distribution
Percent of People with Each Score
Percentile by Number Answered
Your Score History
You have not taken this quiz